| 000 | 00749nam a2200253 a 4500 | ||
|---|---|---|---|
| 005 | 20210219151220.0 | ||
| 008 | 991125s1993 bar 000 0 spa u | ||
| 020 | _a8423319725 | ||
| 035 | _aUPN01000029957 | ||
| 049 | _aCG | ||
| 050 | 4 |
_aND547.5 I4 _bP6.58 1993 |
|
| 100 | 1 | _aPool, Phoebe | |
| 245 | 1 | 3 |
_aEl impresionismo / _cPhoebe Pool ; tr. Jesús Pardo |
| 250 | _a2a ed. | ||
| 260 |
_aBarcelona, Esp. : _bDestino$bThames and Hudson, _c1993 |
||
| 300 |
_a286 p. : _b209 il., 77 col |
||
| 440 | 3 |
_aEl mundo del arte; _v2 |
|
| 520 | _aTítulo original : Impressionism | ||
| 650 | 4 |
_aIMPRESIONISMO (ARTE)- _zFRANCIA |
|
| 902 | _aPGV PATRICIA GONGORA VALLE | ||
| 902 | _aULISES MORALES MARTINEZ | ||
| 904 |
_aAC _b029958 |
||
| 905 | _aLibro | ||
| 999 |
_c29957 _d29957 |
||